Priemyselné inžinierstvo '04

Gespeichert in:
Bibliographische Detailangaben
Körperschaft: Medzinárodná konferencia Horný Smokovec, Vysoké Tatry
Format: Tagungsbericht Buch
Sprache:Slowakisch
Tschechisch
Englisch
Veröffentlicht: Košice : Technická univerzita v Košiciach, 2004
Schlagworte:
Tags: Tag hinzufügen
Keine Tags, Fügen Sie das erste Tag hinzu!

MARC

LEADER 00000nam a22000003a 4500
001 stu93539
005 20150408160933.5
008 050405s2004----xo------------------slo-d
020 |a 80-8073-190-X 
040 |a STU  |b slo 
041 0 |a slo  |a cze  |a eng 
044 |a xo 
080 |a 65 
080 |a (063) 
111 2 |a Medzinárodná konferencia  |n (2. ročník :  |d 7.-8.10.2004 :  |c Horný Smokovec, Vysoké Tatry) 
245 |a Priemyselné inžinierstvo '04 
260 |a Košice :  |b Technická univerzita v Košiciach,  |c 2004 
300 |a 77 s 
500 |a Abstrakty 
650 7 |a inžinierstvo priemyselné  |2 stusub 
650 7 |a manažment  |2 stusub 
996 |b 284M051387  |c M*Z-2574  |l MMKN  |s A  |a 24  |w stu93539_0001 
996 |b 284M051386  |c M*Z-2573  |l MMKN  |s A  |a 24  |w stu93539_0002 
996 |b 284M051385  |c M*Z-2572  |l MMKN  |s A  |a 24  |w stu93539_0003